Statistics for A-Z of Fruit

Click here to take the quiz!

General Stats

  • This quiz has been taken 905 times
  • The average score is 14 of 26

Answer Stats

HintAnswer% Correct
AUsed to keep the doctor awayApple
99%
BOoooo ooooo aaaaa aaaaaaBanana
93%
OOften consumed by players at half timeOrange
85%
DDespite its name, it doesn't breathe fireDragon fruit
84%
LSour is its middle nameLemon
82%
GDionysus quite enjoyed theseGrape
78%
SOften covered in chocolateStrawberry
78%
FOften made into a pudding at Christmas timeFig
76%
NOften mistaken for a peachNectarine
74%
MSunset coloured with a large seedMango
73%
WBe careful, if you swallow a seed it might grow in your tummyWatermelon
72%
KShares it's name with a peculiar birdKiwi Fruit
69%
JShares it's name with someone who fell down a hillJackfruit
63%
PLittle Jack Horner got one stuck on his thumbPlum
63%
EThe wisest of the berriesElderberry
60%
RSmall and comes in a variety of coloursRaspberry
47%
QSimilar in appearance to a pearQuince
43%
ZLong, green and seedyZucchini
38%
CUsed as a health juiceCranberry
37%
TProduces a popular debate between the Americans and the EnglishTomato
37%
UNot the prettiest fruit on the blockUgli Fruit
31%
HThe colour of aliens, but slightly more sweetHoneydew Melon
21%
VShares its name with famous queenVictoria Plum
10%
XAnother name for WXigua
2%
YAbsolutely deliciousYumberry
1%
IA regular fruit from an exotic placeIndian Apple
0%

Score Distribution

Percentile by Number Answered

Percent of People with Each Score

Your Score History

You have not taken this quiz